00478nam a2200193 a 4500001001300000003000900013005001700022008004100039020001000080082001600090100002200106245002500128260003700153300000900190500003500199505000800234650002000242700002200262nice12345678IN_TiNIC20260116013408.0050524s1972 hyda grp 000 0 per  ac52500a297.61bJAW aJawzi, Jamaluddin aKitab Sitat As-Safwa aHyderabadbDairatul Maarifc1972 a406p aincludes index and biblioraphy2 a71p aBiography-Ulama1 aJawzi, Jamaluddin